000 00528nmm a2200169Ia 4500
008 251105s9999||||xx |||||||||||||||||und||
020 _a9788415274667
041 _aspa
100 _aLasala Calleja, M.ª Pilar
245 0 _aLa administración electrónica como herramienta de inclusión digital
264 _a[Madrid, España] :
_bPrensas Universitarias de Zaragoza,
_c2011
300 _a318 páginas
490 _aLEFIS Series
650 _aLaw
856 _uhttps://public.digitaliapublishing.com/a/34542
942 _cCF
999 _c76664
_d76664